The A. B. C. of central banking : (Record no. 46209)
[ view plain ]
| 000 -LEADER | |
|---|---|
| fixed length control field | 00952nam a2200265 a 4500 |
| 001 - CONTROL NUMBER | |
| control field | 46209 |
| 003 - CONTROL NUMBER IDENTIFIER | |
| rucl marc code | BD-RjUL |
| 005 - DATE AND TIME OF LATEST TRANSACTION | |
| control field | 20211209054125.0 |
| 008 - FIXED-LENGTH DATA ELEMENTS--GENERAL INFORMATION | |
| fixed length control field | 1608 s1946 II a b 000 0 eng |
| 035 ## - SYSTEM CONTROL NUMBER | |
| System control number | (BD-RjUL)46327 |
| 040 ## - CATALOGING SOURCE | |
| Original cataloging agency | DLC |
| Transcribing agency | CarP |
| Modifying agency | DLC |
| -- | BD-RjUL |
| Language of cataloging | eng |
| 041 ## - LANGUAGE CODE | |
| Language code of text/sound track or separate title | eng |
| 082 ## - DEWEY DECIMAL CLASSIFICATION NUMBER | |
| Edition number | 23 |
| Classification number | 332.1 |
| Author mark and year | JUA 1957 |
| 100 2# - MAIN ENTRY--PERSONAL NAME | |
| Personal name | Mir Khan, Muhammad. |
| 9 (RLIN) | 141164 |
| 245 14 - TITLE STATEMENT | |
| Title | The A. B. C. of central banking : |
| Remainder of title | with special reference to India and Hyderabad / |
| Statement of responsibility, etc. | Muhammad Mir Khan; S Kesava Iyengar |
| 260 ## - PUBLICATION, DISTRIBUTION, ETC. (IMPRINT) | |
| Place of publication, distribution, etc. | Bangalore City : |
| Name of publisher, distributor, etc. | India Bangalore Print. & Pub. Co., |
| Date of publication, distribution, etc. | [?] |
| 300 ## - PHYSICAL DESCRIPTION | |
| Pagination | xvii, 555 p. : |
| Illustrations | ill. ; |
| Size | 25 cm. |
| 650 #0 - SUBJECT ADDED ENTRY--TOPICAL TERM | |
| Topical term or geographic name as entry element | Banks and banking. |
| 9 (RLIN) | 141165 |
| Topical term or geographic name as entry element | Banks and banking |
| Geographic subdivision | India. |
| 9 (RLIN) | 141166 |
| Topical term or geographic name as entry element | Banks and banking |
| Geographic subdivision | India |
| -- | Hyderabad. |
| 9 (RLIN) | 141167 |
| 651 #0 - SUBJECT ADDED ENTRY--GEOGRAPHIC NAME | |
| Geographic name | India |
| General subdivision | Economic policy. |
| 9 (RLIN) | 141168 |
| 700 1# - ADDED ENTRY--PERSONAL NAME | |
| Personal name | Iyengar, S. Kesava, |
| Dates associated with a name | 1894- [from old catalog] |
| Relator term | joint author. |
| 942 ## - ADDED ENTRY ELEMENTS (KOHA) | |
| Source of classification or shelving scheme | Dewey Decimal Classification |
| Koha item type | Books |
| Lost status | Source of classification or shelving scheme | Damaged status | Not for loan | Collection code | Permanent Location | Current Location | Shelving location | Date acquired | Source of acquisition | Cost, normal purchase price | Total Checkouts | Full call number | Date last seen | Date checked out | Copy number | Koha item type |
|---|---|---|---|---|---|---|---|---|---|---|---|---|---|---|---|---|
| Dewey Decimal Classification | Non-fiction | Central Library, University of Rajshahi | Central Library, University of Rajshahi | 18/05/1957 | Publisher ltd. | 20.00 | 1 | 332.1 JUA 1957 | 27/06/2022 | 13/06/2022 | C-2 | Books |